ERP má stále čo ponúknuť aj po 35 rokoch
Plánovanie podnikových zdrojov (Enterprise Resource Planning) tzv. ERP systém ( poskytovatelia: SAP, Oracle, Microsoft, IFS a pod.) je vnútropodnikový softvérový informačný systém používaný na správu a koordináciu všetkých zdrojov, pracovísk a funkciu biznis sféry prostredníctvom zdieľaných datových...
Guardado en:
| Autor principal: | |
|---|---|
| Formato: | Capítulo de libro |
| Lenguaje: | eslovaco |
| Materias: | |
| Etiquetas: |
Sin Etiquetas, Sea el primero en etiquetar este registro!
|
MARC
| LEADER | 00000naa a2200000 4500 | ||
|---|---|---|---|
| 001 | 0273754 | ||
| 005 | 20210518194206.1 | ||
| 041 | 0 | |a slo | |
| 044 | |a SK | ||
| 245 | 1 | 0 | |a ERP má stále čo ponúknuť aj po 35 rokoch |c Peter Marianyi |
| 520 | |a Plánovanie podnikových zdrojov (Enterprise Resource Planning) tzv. ERP systém ( poskytovatelia: SAP, Oracle, Microsoft, IFS a pod.) je vnútropodnikový softvérový informačný systém používaný na správu a koordináciu všetkých zdrojov, pracovísk a funkciu biznis sféry prostredníctvom zdieľaných datových úložísk. Pozostáva z modulových softvérových a hardvérových jednotiek, ktoré komunikujú na lokálnej sieti LAN. | ||
| 610 | 2 | 0 | |a podnik |
| 610 | 2 | 0 | |a zdroje podnikové |
| 610 | 2 | 0 | |a plánovanie |
| 610 | 2 | 0 | |a technológie informačné |
| 610 | 2 | 0 | |a softvér |
| 610 | 2 | 0 | |a hardvér |
| 610 | 2 | 0 | |a dáta |
| 610 | 2 | 0 | |a komunikácia |
| 100 | 1 | |a Marianyi, Peter | |